| 000 | 00551nam a2200181 a 4500 | ||
|---|---|---|---|
| 005 | 20210223130911.0 | ||
| 008 | 081208s2003 mx r 000 0 spa d | ||
| 020 | _a968514298X | ||
| 035 | _aUPN01000168412 | ||
| 049 | _aI | ||
| 050 | 4 |
_aND1146 _bN5.3 |
|
| 100 | 1 | _aNilsen, Anna | |
| 245 | 1 | 3 |
_aEl gran escándalo en el arte / _cAnna Nilsen. |
| 260 |
_aNaucalpan, Edo. de Méx. : _bCorreo del Maestro : _bLa Vasija, _c2003. |
||
| 300 |
_a48 p. : _bil. col. |
||
| 650 | 4 |
_aPINTURA MODERNA - _ySIGLO XX - _vLITERATURA JUVENIL _911559 |
|
| 905 | _aInfantil | ||
| 999 |
_c140519 _d140519 |
||